000 02013namaa22003971i 4500
003 EG-GICUC
005 20260217140414.0
008 260217m19771985qa ||||jr|||| 001 0 ara d
017 _a1985 / 213
_bالمكتبة الوطنية (قطر)
040 _aEG-GiCUC
_bara
_cEG-GiCUC
_dEG-GiCUC
_erda
082 0 4 _221
_a227
_bA872muh
092 0 4 _221
_a227
_bA872muh
099 _a227 A872muh
100 1 _aابن عطية،عبد الحق بن غالب،
_dت. حو. 1147
_eمؤلف.
245 1 2 _aالمحرر الوجيز فى تفسير الكتاب العزيز /
_cلأبى محمد عبد الحق بن عطية الأندلسى ؛ تحقيق وتعليق الرحالى الفاروف، عبد الله ابراهيم الانصارى، السيد عبد العال السيد ابراهيم، محمد الشافعى صادق العنانى
246 1 _aتفسير ابن عطية
250 _aالطبعة الاولى
264 _aالدوحة (قطر) :
_bالناشر غير محدد،
_c1977-1985
300 _a؛ 8 مجلدات
_c27 سم
_bإيضاحيات، صور، مثيليات ؛ Illustrations
336 _2rdacontent
_atext
337 _2rdamedia
_aUnmediated
338 _2rdacarrier
_avolume
500 _aفى رأس العنوان (تفسير ابن عطية)
500 _aطبع على نفقة صاحب سمو الشيخ خليفة بن حمد آل ثانى أمير دولة قطر
504 _aيشتمل على ارجاعات ببليوجرافية
541 _aد. جابر عصفور ؛
_bالقاهرة ؛
_cإهداء ؛
_d2024.
630 _aالقرآن
_xتفسير
650 1 7 _2qrmak
651 1 _2qrmak
700 1 _aالفاروق، الرحالى
_eمحقق.
700 1 _aالأنصارى، عبد الله بن ابراهيم
_eمحقق.
700 1 _aابراهيم، السيد عبد العال السيد
_eمحقق.
700 1 _aالعنانى، محمد الشافعى الصادق
_eمحقق.
905 _aHuda
942 _2ddc
_cBK
_e21
_n0
999 _c178575
_d178575